Elementos de computación administrativa; parte i /
Guardado en:
| Autor Principal: | |
|---|---|
| Formato: | Libro |
| Publicado: |
Argentina :
s.e.,
1985
|
| Etiquetas: |
Agregar Etiqueta
Sin Etiquetas, Sea el primero en etiquetar este registro!
|
| LEADER | 00545nam a22001575a 4500 | ||
|---|---|---|---|
| 001 | CEM.cems003711 | ||
| 005 | 19000101000000.0 | ||
| 008 | 130507s1985##################000#0#####d | ||
| 003 | CEMS | ||
| 082 | 0 | 4 | |a 001.64 |
| 100 | 1 | |a Landriscini, J. C. | |
| 245 | 1 | 0 | |a Elementos de computación administrativa; parte i / |
| 260 | |a Argentina : |b s.e., |c 1985 | ||
| 300 | |a 80 p. | ||
| 505 | 0 | |a Ensambladores, compiladores y encadenadores,corrida de programas; introduccion a la programacion administrativa. | |
| 859 | |a CEMS |b BIB. CEMS - 11 de abril |h 001.64 |i L238/I |p 53.99 |t Ej.1 | ||
